000 00875nam a2200241 a 4500
001 13822
003 BD-JhCC
005 20240417101646.0
008 240415b2021 bg |||| ||a| 000 0 ben d
020 _a9789849570745
035 _a(BD-JhCC)13822
040 _aBD-JhCC
_dBD-JhCC
041 _aBengali
082 _a297.07
_bAWD 2021
100 _aআওদা , ড. সালমান আল
245 _aকে আমি! নিজের মধ্যে ভ্রমণ /
_c ড. সালমান আল আওদা , অনু: আহমাদুল্লাহ আল জামি ।
260 _aঢাকা:
_bমুহাম্মদ পাবলিকেশন;
_c2021.
300 _a173 p. :
_c22 cm.
650 _aIslamic
_zSelf-development
700 _a জামি,আহমাদুল্লাহ আল
942 _2ddc
_cBK
999 _c13822
_d13822